Fuzzy Sets and Systems an international journal

Enregistré dans:
Détails bibliographiques
Format: Publication en série
Langue:anglais
Publié: Amsterdam North-Holland 1987
Tags: Ajouter un tag
Pas de tags, Soyez le premier à ajouter un tag!

MARC

LEADER 00000nas2a2200000 4500
001 s034893
005 20250730114145.7
041 0 |a eng 
044 |a NL 
245 1 0 |a Fuzzy Sets and Systems an international journal 
264 1 |a Amsterdam  |b North-Holland  |c 1987 
773 0 |w eu_un_cat*s120714